{"text_format":"3","workbook":"xlsx","n_sheets":1,"sheets":["t8"],"read":"whole","date_system":"1900"}

{"sheet":"t8","index":0,"n_rows":205,"n_cols":7,"rows_kept":205,"merged":[[0,0,0,6],[30,0,30,5],[51,0,51,5],[161,0,161,5]]}
["TABELA 8.1 - Estatísticas Agrícolas, Município de Agudos, Estado de São Paulo, 2007/08."]
["ITEM","UNIDADE","N.DE UPAs","MÍNIMO","MÉDIO","MÁXIMO","TOTAL"]
["Distância à sede do município","km",462,0.5,26.2,{"v":98,"d":"98.0"},"-"]
["Área total","hectare",462,1.5,{"v":212.52,"d":"212.5"},{"v":16583.8,"d":"16,583.8"},{"v":98185.3,"d":"98,185.3"}]
["Área com cultura perene","hectare",58,0.1,12.3,{"v":260,"d":"260.0"},713.5]
["Área com cultura temporária","hectare",204,0.1,{"v":81.98,"d":"82.0"},{"v":1747,"d":"1,747.0"},{"v":16723.6,"d":"16,723.6"}]
["Área com pastagem","hectare",398,0.2,{"v":80.24,"d":"80.2"},{"v":2292,"d":"2,292.0"},{"v":31936,"d":"31,936.0"}]
["Área com reflorestamento","hectare",133,0.1,{"v":223.87,"d":"223.9"},{"v":13398.6,"d":"13,398.6"},{"v":29775.3,"d":"29,775.3"}]
["Área com vegetação natural","hectare",293,0.1,{"v":50.56,"d":"50.6"},{"v":2327.2,"d":"2,327.2"},{"v":14814.3,"d":"14,814.3"}]
["Área com vegetação de brejo e várzea","hectare",199,0.1,10.1,154.6,{"v":2010,"d":"2,010.0"}]
["Área em descanso","hectare",17,0.1,{"v":32.08,"d":"32.1"},322.3,545.4]
["Área complementar","hectare",391,0.1,{"v":4.26,"d":"4.3"},535.7,{"v":1667.2,"d":"1,667.2"}]
["Área das UPAs com (0, 1] ha","hectare","-","-","-","-","-"]
["Área das UPAs com (1, 2] ha","hectare",2,1.5,{"v":1.75,"d":"1.8"},{"v":2,"d":"2.0"},3.5]
["Área das UPAs com (2, 5] ha","hectare",59,2.1,3.7,4.9,218.3]
["Área das UPAs com (5, 10] ha","hectare",61,5.5,{"v":7.47,"d":"7.5"},9.7,455.8]
["Área das UPAs com (10, 20] ha","hectare",58,10.8,{"v":14.36,"d":"14.4"},19.3,832.8]
["Área das UPAs com (20, 50] ha","hectare",85,20.5,{"v":34.02,"d":"34.0"},{"v":50,"d":"50.0"},{"v":2891.8,"d":"2,891.8"}]
["Área das UPAs com (50, 100] ha","hectare",63,50.5,{"v":71.48,"d":"71.5"},99.2,{"v":4503.5,"d":"4,503.5"}]
["Área das UPAs com (100, 200] ha","hectare",39,100.4,{"v":136.74,"d":"136.7"},193.6,{"v":5332.8,"d":"5,332.8"}]
["Área das UPAs com (200, 500] ha","hectare",47,205.7,{"v":306.81,"d":"306.8"},489.7,{"v":14420.2,"d":"14,420.2"}]
["Área das UPAs com (500, 1.000] ha","hectare",26,{"v":506,"d":"506.0"},{"v":681.27,"d":"681.3"},{"v":968,"d":"968.0"},{"v":17712.9,"d":"17,712.9"}]
["Área das UPAs com (1.000, 2.000] ha","hectare",17,{"v":1006.7,"d":"1,006.7"},{"v":1444.44,"d":"1,444.4"},{"v":1924,"d":"1,924.0"},{"v":24555.5,"d":"24,555.5"}]
["Área das UPAs com (2.000, 5.000] ha","hectare",4,{"v":2184.2,"d":"2,184.2"},{"v":2668.6,"d":"2,668.6"},{"v":2925,"d":"2,925.0"},{"v":10674.4,"d":"10,674.4"}]
["Área das UPAs com (5.000, 10.000] ha","hectare","-","-","-","-","-"]
["Área das UPAs acima de 10.000 ha","hectare",1,{"v":16583.8,"d":"16,583.8"},{"v":16583.8,"d":"16,583.8"},{"v":16583.8,"d":"16,583.8"},{"v":16583.8,"d":"16,583.8"}]
["Familiares do proprietário que trabalham na UPA","unidade",223,{"v":1,"d":"1.0"},{"v":1.39,"d":"1.4"},{"v":4,"d":"4.0"},{"v":309,"d":"309.0"}]
["Trabalhadores permanentes","unidade",215,{"v":1,"d":"1.0"},{"v":4.22,"d":"4.2"},{"v":212,"d":"212.0"},{"v":908,"d":"908.0"}]
["Fonte: Secretaria de Agricultura e Abastecimento, CDRS/IEA, Projeto LUPA."]
[]
["TABELA 8.2 - Explorações Animais, Município de Agudos, Estado de São Paulo, 2007/08."]
["ITEM","UNIDADE","N.DE UPAs","MÍNIMO","MÉDIO","MÁXIMO","TOTAL"]
["Apicultura","colmeias",5,{"v":10,"d":"10.0"},{"v":97,"d":"97.0"},{"v":200,"d":"200.0"},{"v":485,"d":"485.0"}]
["Asininos E Muares","cabeças",19,{"v":1,"d":"1.0"},{"v":2.79,"d":"2.8"},{"v":20,"d":"20.0"},{"v":53,"d":"53.0"}]
["Avicultura de Corte","cabeças/ano",3,{"v":500,"d":"500.0"},{"v":178500,"d":"178,500.0"},{"v":415000,"d":"415,000.0"},{"v":535500,"d":"535,500.0"}]
["Avicultura Ornamental/Decorativa/Exótica","cabeças",1,{"v":30,"d":"30.0"},{"v":30,"d":"30.0"},{"v":30,"d":"30.0"},{"v":30,"d":"30.0"}]
["Avicultura para Ovos","cabeças",3,{"v":15,"d":"15.0"},{"v":58805,"d":"58,805.0"},{"v":176000,"d":"176,000.0"},{"v":176415,"d":"176,415.0"}]
["Bovinocultura de Corte","cabeças",93,{"v":2,"d":"2.0"},{"v":329.14,"d":"329.1"},{"v":2763,"d":"2,763.0"},{"v":30610,"d":"30,610.0"}]
["Bovinocultura Leiteira","cabeças",75,{"v":1,"d":"1.0"},{"v":42.56,"d":"42.6"},{"v":700,"d":"700.0"},{"v":3192,"d":"3,192.0"}]
["Bovinocultura Mista","cabeças",188,{"v":1,"d":"1.0"},{"v":55.14,"d":"55.1"},{"v":3380,"d":"3,380.0"},{"v":10366,"d":"10,366.0"}]
["Bubalinocultura","cabeças",1,{"v":20,"d":"20.0"},{"v":20,"d":"20.0"},{"v":20,"d":"20.0"},{"v":20,"d":"20.0"}]
["Caprinocultura","cabeças",2,{"v":8,"d":"8.0"},8.5,{"v":9,"d":"9.0"},{"v":17,"d":"17.0"}]
["Cunicultura","cabeças",1,{"v":80,"d":"80.0"},{"v":80,"d":"80.0"},{"v":80,"d":"80.0"},{"v":80,"d":"80.0"}]
["Equinocultura","cabeças",205,{"v":1,"d":"1.0"},{"v":4.62,"d":"4.6"},{"v":55,"d":"55.0"},{"v":948,"d":"948.0"}]
["Javalis (Criadouro)","cabeças",2,{"v":4,"d":"4.0"},{"v":8,"d":"8.0"},{"v":12,"d":"12.0"},{"v":16,"d":"16.0"}]
["Minhocultura","canteiros",1,{"v":20,"d":"20.0"},{"v":20,"d":"20.0"},{"v":20,"d":"20.0"},{"v":20,"d":"20.0"}]
["Ovinocultura","cabeças",33,{"v":2,"d":"2.0"},{"v":52.06,"d":"52.1"},{"v":232,"d":"232.0"},{"v":1718,"d":"1,718.0"}]
["Piscicultura","m² tanques",5,{"v":2500,"d":"2,500.0"},{"v":8100,"d":"8,100.0"},{"v":23000,"d":"23,000.0"},{"v":40500,"d":"40,500.0"}]
["Suinocultura","cabeças",31,{"v":1,"d":"1.0"},{"v":1042.61,"d":"1,042.6"},{"v":31000,"d":"31,000.0"},{"v":32321,"d":"32,321.0"}]
["Fonte: Secretaria de Agricultura e Abastecimento, CDRS/IEA, Projeto LUPA."]
[]
["TABELA 8.3 -  Máquinas, Implementos e Benfeitorias, Município de Agudos, Estado de São Paulo, 2007/08."]
["ITEM","UNIDADE","N.DE UPAs","MÍNIMO","MÉDIO","MÁXIMO","TOTAL"]
["Arado Comum (Bacia, Aiveca)","Unidade",90,{"v":1,"d":"1.0"},{"v":1.16,"d":"1.2"},{"v":2,"d":"2.0"},{"v":104,"d":"104.0"}]
["Arado Escarificador","Unidade",6,{"v":1,"d":"1.0"},{"v":1.17,"d":"1.2"},{"v":2,"d":"2.0"},{"v":7,"d":"7.0"}]
["Arado Subsolador","Unidade",5,{"v":1,"d":"1.0"},{"v":2,"d":"2.0"},{"v":5,"d":"5.0"},{"v":10,"d":"10.0"}]
["Batedeira de Cereais","Unidade",5,{"v":1,"d":"1.0"},{"v":1,"d":"1.0"},{"v":1,"d":"1.0"},{"v":5,"d":"5.0"}]
["Câmara Fria","Unidade",3,{"v":1,"d":"1.0"},{"v":1,"d":"1.0"},{"v":1,"d":"1.0"},{"v":3,"d":"3.0"}]
["Carregadeira de Cana","Unidade",3,{"v":1,"d":"1.0"},{"v":1.33,"d":"1.3"},{"v":2,"d":"2.0"},{"v":4,"d":"4.0"}]
["Colhedeira Acoplada","Unidade",6,{"v":1,"d":"1.0"},{"v":1.17,"d":"1.2"},{"v":2,"d":"2.0"},{"v":7,"d":"7.0"}]
["Colhedeira Automotriz","Unidade",2,{"v":1,"d":"1.0"},{"v":1,"d":"1.0"},{"v":1,"d":"1.0"},{"v":2,"d":"2.0"}]
["Computador","Unidade",2,{"v":1,"d":"1.0"},34.5,{"v":68,"d":"68.0"},{"v":69,"d":"69.0"}]
["Conj.Irrigação Autopropelido","Unidade",2,{"v":1,"d":"1.0"},{"v":1,"d":"1.0"},{"v":1,"d":"1.0"},{"v":2,"d":"2.0"}]
["Conj.Irrigação Convencional","Unidade",9,{"v":1,"d":"1.0"},{"v":1,"d":"1.0"},{"v":1,"d":"1.0"},{"v":9,"d":"9.0"}]
["Conj.Irrigação Pivot Central","Unidade",2,{"v":1,"d":"1.0"},{"v":1,"d":"1.0"},{"v":1,"d":"1.0"},{"v":2,"d":"2.0"}]
["Conj.Irrigação/Gotejamento/Microaspersão","Unidade",7,{"v":1,"d":"1.0"},{"v":1.29,"d":"1.3"},{"v":3,"d":"3.0"},{"v":9,"d":"9.0"}]
["Conjunto de Fenação","Unidade",6,{"v":1,"d":"1.0"},{"v":1.33,"d":"1.3"},{"v":2,"d":"2.0"},{"v":8,"d":"8.0"}]
["Desintegrador de Palha (Plantio Direto)","Unidade",2,{"v":1,"d":"1.0"},{"v":1,"d":"1.0"},{"v":1,"d":"1.0"},{"v":2,"d":"2.0"}]
["Desintegrador, Picador, Triturador","Unidade",107,{"v":1,"d":"1.0"},{"v":1.18,"d":"1.2"},{"v":9,"d":"9.0"},{"v":126,"d":"126.0"}]
["Distribuidor de Calcário","Unidade",19,{"v":1,"d":"1.0"},{"v":1.42,"d":"1.4"},{"v":6,"d":"6.0"},{"v":27,"d":"27.0"}]
["Ensiladeira","Unidade",25,{"v":1,"d":"1.0"},{"v":1.04,"d":"1.0"},{"v":2,"d":"2.0"},{"v":26,"d":"26.0"}]
["Grade Aradora (Tipo Romi)","Unidade",47,{"v":1,"d":"1.0"},{"v":1.15,"d":"1.2"},{"v":3,"d":"3.0"},{"v":54,"d":"54.0"}]
["Grade Niveladora","Unidade",78,{"v":1,"d":"1.0"},{"v":1.14,"d":"1.1"},{"v":4,"d":"4.0"},{"v":89,"d":"89.0"}]
["Implementos para Tração Animal","Unidade",6,{"v":1,"d":"1.0"},{"v":2.33,"d":"2.3"},{"v":5,"d":"5.0"},{"v":14,"d":"14.0"}]
["Máquina de Classificar Ovo","Unidade",1,{"v":1,"d":"1.0"},{"v":1,"d":"1.0"},{"v":1,"d":"1.0"},{"v":1,"d":"1.0"}]
["Microtrator","Unidade",8,{"v":1,"d":"1.0"},{"v":1,"d":"1.0"},{"v":1,"d":"1.0"},{"v":8,"d":"8.0"}]
["Misturador de Ração","Unidade",6,{"v":1,"d":"1.0"},{"v":1.33,"d":"1.3"},{"v":2,"d":"2.0"},{"v":8,"d":"8.0"}]
["Ordenhadeira Mecânica","Unidade",6,{"v":1,"d":"1.0"},1.5,{"v":4,"d":"4.0"},{"v":9,"d":"9.0"}]
["Pulverizador Tratorizado","Unidade",30,{"v":1,"d":"1.0"},1.4,{"v":7,"d":"7.0"},{"v":42,"d":"42.0"}]
["Resfriador de Leite, Tanque Expansão","Unidade",4,{"v":1,"d":"1.0"},1.5,{"v":3,"d":"3.0"},{"v":6,"d":"6.0"}]
["Semeadeira/Adubadeira para Plantio Convencional","Unidade",28,{"v":1,"d":"1.0"},{"v":1.11,"d":"1.1"},{"v":2,"d":"2.0"},{"v":31,"d":"31.0"}]
["Semeadeira/Plantadeira Plantio Direto","Unidade",10,{"v":1,"d":"1.0"},1.1,{"v":2,"d":"2.0"},{"v":11,"d":"11.0"}]
["Terraceador","Unidade",4,{"v":1,"d":"1.0"},{"v":1,"d":"1.0"},{"v":1,"d":"1.0"},{"v":4,"d":"4.0"}]
["Trator de Esteiras","Unidade",7,{"v":1,"d":"1.0"},{"v":1.71,"d":"1.7"},{"v":4,"d":"4.0"},{"v":12,"d":"12.0"}]
["Trator de Pneus","Unidade",165,{"v":1,"d":"1.0"},{"v":2.18,"d":"2.2"},{"v":21,"d":"21.0"},{"v":360,"d":"360.0"}]
["Açude/Represa","Unidade",117,{"v":1,"d":"1.0"},{"v":2.42,"d":"2.4"},{"v":40,"d":"40.0"},{"v":283,"d":"283.0"}]
["Adega Cantina","Unidade",4,{"v":1,"d":"1.0"},{"v":1,"d":"1.0"},{"v":1,"d":"1.0"},{"v":4,"d":"4.0"}]
["Almoxarifado/Oficina","Unidade",29,{"v":1,"d":"1.0"},{"v":1.21,"d":"1.2"},{"v":3,"d":"3.0"},{"v":35,"d":"35.0"}]
["Armazém para Grãos Ensacados","Sacas",6,{"v":1,"d":"1.0"},{"v":100.83,"d":"100.8"},{"v":600,"d":"600.0"},{"v":605,"d":"605.0"}]
["Balança para Bovinos","Unidade",16,{"v":1,"d":"1.0"},{"v":1.19,"d":"1.2"},{"v":2,"d":"2.0"},{"v":19,"d":"19.0"}]
["Balança para Veículos","Unidade",2,{"v":1,"d":"1.0"},{"v":1,"d":"1.0"},{"v":1,"d":"1.0"},{"v":2,"d":"2.0"}]
["Barracão para Bicho da Seda/Sirgaria","Unidade",1,{"v":1,"d":"1.0"},{"v":1,"d":"1.0"},{"v":1,"d":"1.0"},{"v":1,"d":"1.0"}]
["Barracão para Granja/Avicultura","Unidade",12,{"v":1,"d":"1.0"},{"v":5.75,"d":"5.8"},{"v":16,"d":"16.0"},{"v":69,"d":"69.0"}]
["Barracão/Galpão/Garagem","Unidade",166,{"v":1,"d":"1.0"},{"v":1.39,"d":"1.4"},{"v":6,"d":"6.0"},{"v":231,"d":"231.0"}]
["Casa de Moradia Habitada","Unidade",262,{"v":1,"d":"1.0"},{"v":1.91,"d":"1.9"},{"v":18,"d":"18.0"},{"v":501,"d":"501.0"}]
["Casa de Moradia Total","Unidade",353,{"v":1,"d":"1.0"},{"v":2.56,"d":"2.6"},{"v":20,"d":"20.0"},{"v":903,"d":"903.0"}]
["Curral/Mangueira","Unidade",239,{"v":1,"d":"1.0"},{"v":1.09,"d":"1.1"},{"v":3,"d":"3.0"},{"v":260,"d":"260.0"}]
["Depósito/Tulha","Unidade",117,{"v":1,"d":"1.0"},{"v":1.21,"d":"1.2"},{"v":4,"d":"4.0"},{"v":141,"d":"141.0"}]
["Estábulo","Unidade",25,{"v":1,"d":"1.0"},1.2,{"v":3,"d":"3.0"},{"v":30,"d":"30.0"}]
["Estufa/Plasticultura","m²",13,{"v":1,"d":"1.0"},{"v":608.54,"d":"608.5"},{"v":2000,"d":"2,000.0"},{"v":7911,"d":"7,911.0"}]
["Fábrica de Ração","Unidade",5,{"v":1,"d":"1.0"},{"v":1,"d":"1.0"},{"v":1,"d":"1.0"},{"v":5,"d":"5.0"}]
["Instalações para Equinos","Unidade",11,{"v":1,"d":"1.0"},{"v":6.82,"d":"6.8"},{"v":43,"d":"43.0"},{"v":75,"d":"75.0"}]
["Máquina de Benefício","Unidade",2,{"v":1,"d":"1.0"},1.5,{"v":2,"d":"2.0"},{"v":3,"d":"3.0"}]
["Packing House","Unidade",3,{"v":1,"d":"1.0"},{"v":1,"d":"1.0"},{"v":1,"d":"1.0"},{"v":3,"d":"3.0"}]
["Pocilga","Unidade",32,{"v":1,"d":"1.0"},{"v":1.81,"d":"1.8"},{"v":24,"d":"24.0"},{"v":58,"d":"58.0"}]
["Poço Semi-Artesiano","Unidade",126,{"v":1,"d":"1.0"},1.1,{"v":3,"d":"3.0"},{"v":139,"d":"139.0"}]
["Secador de Grãos","Unidade",2,{"v":1,"d":"1.0"},{"v":1,"d":"1.0"},{"v":1,"d":"1.0"},{"v":2,"d":"2.0"}]
["Silo para Grãos","t",3,{"v":1,"d":"1.0"},{"v":100.67,"d":"100.7"},{"v":300,"d":"300.0"},{"v":302,"d":"302.0"}]
["Silo para Silagem","t",3,{"v":1,"d":"1.0"},{"v":400.67,"d":"400.7"},{"v":1200,"d":"1,200.0"},{"v":1202,"d":"1,202.0"}]
["Terreiro","m²",13,{"v":1,"d":"1.0"},{"v":257.38,"d":"257.4"},{"v":1400,"d":"1,400.0"},{"v":3346,"d":"3,346.0"}]
["Fonte: Secretaria de Agricultura e Abastecimento, CDRS/IEA, Projeto LUPA."]
[]
["TABELA 8.4 - Outras Estatísticas Agrícolas, Município de Agudos, Estado de São Paulo, 2007/08."]
["ITEM","Número de UPAs",null,"Percentual"]
["Faz Parte de Associação de Produtores",43,null,{"v":9.287257019438446,"d":"9.3"}]
["Faz Parte de Cooperativa de Produtores",31,null,{"v":6.695464362850972,"d":"6.7"}]
["Faz Parte do Sindicato de Produtores",38,null,{"v":8.207343412526997,"d":"8.2"}]
["Não utiliza assistência técnica ",305,null,{"v":65.87473002159827,"d":"65.9"}]
["Utiliza somente assistência técnica governamental ",62,null,{"v":13.390928725701944,"d":"13.4"}]
["Utiliza somente assistência técnica privada ",71,null,{"v":15.334773218142548,"d":"15.3"}]
["Utiliza assistência técnica tanto governamental quanto privada",24,null,{"v":5.183585313174946,"d":"5.2"}]
["Utiliza Crédito Rural",22,null,{"v":4.751619870410368,"d":"4.8"}]
["Utiliza Seguro Rural",9,null,{"v":1.9438444924406046,"d":"1.9"}]
["Utiliza Escrituração Agrícola",110,null,{"v":23.758099352051836,"d":"23.8"}]
["Acessa Internet p/ Fins na Agropecuária",46,null,{"v":9.935205183585312,"d":"9.9"}]
["Utiliza Computador nas Atividades Agropecuárias",51,null,{"v":11.015118790496759,"d":"11.0"}]
["Utiliza Energia Elétrica Para Uso na Atividade Agrícola",338,null,{"v":73.00215982721383,"d":"73.0"}]
["Realiza Análise de Solo, quando necessário",99,null,{"v":21.38228941684665,"d":"21.4"}]
["Utiliza Práticas de Conservação de Solo, quando necessário",230,null,{"v":49.67602591792656,"d":"49.7"}]
["Faz Adubação Mineral, quando necessário",169,null,{"v":36.501079913606915,"d":"36.5"}]
["Faz Adubação Orgânica, quando necessário",90,null,{"v":19.438444924406046,"d":"19.4"}]
["Faz Adubação Verde, quando necessário",20,null,{"v":4.319654427645788,"d":"4.3"}]
["Utiliza Manejo Integrado de Pragas (MIP)","-",null,"-"]
["Utiliza Hidroponia","-",null,"-"]
["Utiliza Plasticultura",17,null,{"v":3.67170626349892,"d":"3.7"}]
["Utiliza Mudas Fiscalizadas",43,null,{"v":9.287257019438446,"d":"9.3"}]
["Utiliza Semente Melhorada",54,null,{"v":11.663066954643629,"d":"11.7"}]
["Faz Confinamento de Bovinos",19,null,{"v":4.1036717062634995,"d":"4.1"}]
["Utiliza Pastejo Intensivo",52,null,{"v":11.23110151187905,"d":"11.2"}]
["Faz Inseminação Artificial",10,null,{"v":2.159827213822894,"d":"2.2"}]
["Faz Mineralização do Rebanho",254,null,{"v":54.85961123110151,"d":"54.9"}]
["Faz Vermifugação do Rebanho",231,null,{"v":49.892008639308855,"d":"49.9"}]
["Possui Parceiros /Arrendatários na Exploração Animal",49,null,{"v":10.583153347732182,"d":"10.6"}]
["Esporte e lazer",5,null,{"v":1.079913606911447,"d":"1.1"}]
["Extração mineral","-",null,"-"]
["Hotel Fazenda, Pousada ou SPA",1,null,{"v":0.21598272138228944,"d":"0.2"}]
["Pesque-pague",3,null,{"v":0.6479481641468683,"d":"0.6"}]
["Restaurante ou Lanchonete",3,null,{"v":0.6479481641468683,"d":"0.6"}]
["Transformação artesanal","-",null,"-"]
["Turismo rural ou ecoturismo",2,null,{"v":0.4319654427645789,"d":"0.4"}]
["Outras atividades econômicas rurais",4,null,{"v":0.8639308855291578,"d":"0.9"}]
["Agroindústria","-",null,"-"]
["Proprietário sem instrução ou com instrução incompleta",14,null,{"v":3.023758099352052,"d":"3.0"}]
["Proprietário com antigo primário completo",87,null,{"v":18.790496760259177,"d":"18.8"}]
["Proprietário com 1° grau (ou antigo ginasial) completo",45,null,{"v":9.719222462203023,"d":"9.7"}]
["Proprietário com 2° grau (ou antigo colegial) completo",126,null,{"v":27.213822894168466,"d":"27.2"}]
["Proprietário com curso superior completo ",162,null,{"v":34.98920086393088,"d":"35.0"}]
["Pessoa Jurídica",28,null,{"v":6.047516198704104,"d":"6.0"}]
["Proprietário residente na própria UPA ",72,null,{"v":15.550755939524839,"d":"15.6"}]
["Fonte: Secretaria de Agricultura e Abastecimento, CDRS/IEA, Projeto LUPA."]
[]
["TABELA 8.5 - Área Cultivada, Município de Agudos, Estado de São Paulo, 2007/08."]
["CULTURA","N.DE UPAs","MÍNIMO","MÉDIO","MÁXIMO","TOTAL"]
["Braquiaria",374,0.2,{"v":82.87,"d":"82.9"},{"v":2292,"d":"2,292.0"},{"v":30994.6,"d":"30,994.6"}]
["Eucalipto",127,0.1,{"v":163.94,"d":"163.9"},{"v":4865.2,"d":"4,865.2"},{"v":20820.3,"d":"20,820.3"}]
["Cana-de-acucar",157,0.1,{"v":99.51,"d":"99.5"},{"v":1747,"d":"1,747.0"},{"v":15622.7,"d":"15,622.7"}]
["Pinus",7,0.1,{"v":1269.21,"d":"1,269.2"},{"v":8533.4,"d":"8,533.4"},{"v":8884.5,"d":"8,884.5"}]
["Laranja",12,0.3,43.1,{"v":260,"d":"260.0"},517.2]
["Outras gramineas para pastagem",30,{"v":1,"d":"1.0"},{"v":12.09,"d":"12.1"},{"v":101,"d":"101.0"},362.8]
["Milho",52,0.5,{"v":6.26,"d":"6.3"},48.4,325.5]
["Melancia",4,35.4,{"v":69.95,"d":"70.0"},169.4,279.8]
["Capim-napier (ou capim-elefante)",42,0.2,{"v":6.45,"d":"6.5"},121.2,270.9]
["Gramas",10,{"v":1,"d":"1.0"},{"v":21.52,"d":"21.5"},{"v":76,"d":"76.0"},215.2]
["Mandioca",17,0.1,{"v":10.18,"d":"10.2"},{"v":120,"d":"120.0"},173.1]
["Cafe",12,0.3,{"v":11.61,"d":"11.6"},55.7,139.3]
["Abacaxi (ou ananas)",3,{"v":1,"d":"1.0"},{"v":25.27,"d":"25.3"},{"v":70,"d":"70.0"},75.8]
["Outras florestais",1,70.2,70.2,70.2,70.2]
["Amendoim",1,{"v":55,"d":"55.0"},{"v":55,"d":"55.0"},{"v":55,"d":"55.0"},{"v":55,"d":"55.0"}]
["Sorgo",3,14.5,{"v":18.17,"d":"18.2"},{"v":20,"d":"20.0"},54.5]
["Horta domestica",13,0.1,{"v":3.45,"d":"3.5"},{"v":28,"d":"28.0"},44.8]
["Abobora (ou jerimum)",4,0.5,{"v":10.68,"d":"10.7"},21.8,42.7]
["Capim-jaragua",1,{"v":42,"d":"42.0"},{"v":42,"d":"42.0"},{"v":42,"d":"42.0"},{"v":42,"d":"42.0"}]
["Seringueira",1,{"v":32,"d":"32.0"},{"v":32,"d":"32.0"},{"v":32,"d":"32.0"},{"v":32,"d":"32.0"}]
["Coloniao",2,{"v":2,"d":"2.0"},{"v":13,"d":"13.0"},{"v":24,"d":"24.0"},{"v":26,"d":"26.0"}]
["Sorgo-forrageiro",2,{"v":10,"d":"10.0"},{"v":12.25,"d":"12.3"},14.5,24.5]
["Alface",11,0.1,{"v":1.22,"d":"1.2"},{"v":5,"d":"5.0"},13.4]
["Feijao",4,{"v":1,"d":"1.0"},{"v":2.95,"d":"3.0"},4.8,11.8]
["Pomar domestico",28,0.1,0.4,{"v":2,"d":"2.0"},11.2]
["Outras olericolas",6,0.3,1.6,4.5,9.6]
["Limao",6,0.3,1.5,{"v":3,"d":"3.0"},{"v":9,"d":"9.0"}]
["Maracuja",1,{"v":4,"d":"4.0"},{"v":4,"d":"4.0"},{"v":4,"d":"4.0"},{"v":4,"d":"4.0"}]
["Cebolinha",3,{"v":1,"d":"1.0"},{"v":1,"d":"1.0"},{"v":1,"d":"1.0"},{"v":3,"d":"3.0"}]
["Milheto",1,2.4,2.4,2.4,2.4]
["Repolho",1,{"v":2,"d":"2.0"},{"v":2,"d":"2.0"},{"v":2,"d":"2.0"},{"v":2,"d":"2.0"}]
["Uva rustica",1,{"v":2,"d":"2.0"},{"v":2,"d":"2.0"},{"v":2,"d":"2.0"},{"v":2,"d":"2.0"}]
["Chicoria (ou chicoria-de-folha-crespa)",2,0.8,0.9,{"v":1,"d":"1.0"},1.8]
["Brocolos (ou brocolis)",4,0.1,{"v":0.35,"d":"0.4"},{"v":1,"d":"1.0"},1.4]
["Espinafre (ou espinafre-europeu)",1,{"v":1,"d":"1.0"},{"v":1,"d":"1.0"},{"v":1,"d":"1.0"},{"v":1,"d":"1.0"}]
["Amora (ou amora-branca)",1,{"v":1,"d":"1.0"},{"v":1,"d":"1.0"},{"v":1,"d":"1.0"},{"v":1,"d":"1.0"}]
["Tangerina",1,{"v":1,"d":"1.0"},{"v":1,"d":"1.0"},{"v":1,"d":"1.0"},{"v":1,"d":"1.0"}]
["Viveiro de frutiferas em geral",1,0.5,0.5,0.5,0.5]
["Outras frutiferas",1,0.3,0.3,0.3,0.3]
["Viveiro de florestais",1,0.3,0.3,0.3,0.3]
["Couve (ou couve-crespa)",2,0.1,{"v":0.15,"d":"0.2"},0.2,0.3]
["Fonte: Secretaria de Agricultura e Abastecimento, CDRS/IEA, Projeto LUPA."]